| 000 | 00442cam a2200181ua 4500 | ||
|---|---|---|---|
| 020 | _c10.00 | ||
| 041 |
_ahin _h |
||
| 082 |
_a891.43 _bSUR/SW |
||
| 100 | _aRadhakrishnan, S . | ||
| 245 |
_aSwathinadha ka sinhanath / _cS Radhakrishnan. _hTextual Documents |
||
| 250 |
_a1 / _b. |
||
| 260 |
_aDelhi : _bRajkamal Prakashan , _c1963. |
||
| 300 | _a390 ; . | ||
| 365 | _a10.00 | ||
| 504 | _a | ||
| 942 | _cBK | ||
| 999 |
_c12688 _d12688 |
||